00653 2200241 4500001002100000005001500021035002000036007000300056008004100059020002200100082001200122084001800134100002200152245010100174250000900275260003100284300002500315650001800340650002500358990000900383990001000392990000900402INLIS00000000000027320170914033751 a0010-0917000259ta170914 f 0 ind  a978-602-7545-12-0 a297.092 a297.092 ANU a0 aAnuz, Fariq Gasim1 aAbu Bakar Ash Shiddiq :bKepemimpinan dan Kelembutan Akhlak Pembela Islam /ceditor, M. Husnaini aed.1 aSolo :bGobag Sodor,c2015 a400hlm ;c15 x 23 cm aSejarah Islam aBiografi Tokoh Islam a5899 a5899a a4900